| 000 | 01057nam a2200217Ia 4500 | ||
|---|---|---|---|
| 003 | Ost | ||
| 005 | 20260507075037.0 | ||
| 008 | 260507s9999||||xx |||||||||||||| ||und|| | ||
| 020 | _a9960245063 | ||
| 040 | _cfsecg | ||
| 041 | _aara | ||
| 082 | _a330 | ||
| 100 |
_aأرينز، ألفين _eمؤلف |
||
| 245 | 0 |
_aالمراجعة مدخل متكامل / _c ألفين أرينز |
|
| 260 |
_aالرياض: _bدار المريخ للنشر, _c2002 |
||
| 300 |
_a1064 صفحة؛ _bإيضاحات ؛ _c29 سم |
||
| 520 | _aمهنة المراجعة-عملية المراجعة-تطبيق عملية المراجعة على دائرة المبيعات والتحصيل-مراجعة نظم تشغيل البيانات الالكترونية المعقدة-تطبيق عملية المراجعة على الدوائر الأخرى-استكمال المراجعة وتقديم الخدمات الأخرى | ||
| 653 | _aمراجعة الحسابات، نظم المعلومات | ||
| 700 |
_aلويك، جيمس _eمؤلف ثانوي |
||
| 942 | _cكتاب | ||
| 999 |
_c42474 _d42474 |
||